[Event "SR 4. liga A21 2008/2009"]
[Site "?"]
[Date "2009.03.01"]
[Round "10.3"]
[White "Lanik, Miroslav"]
[Black "Kupkovic, Miroslav"]
[Result "1-0"]
[WhiteElo "1702"]
[BlackElo "1690"]
[PlyCount "43"]
[EventDate "2008.??.??"]

1. e4 c6 2. d4 d5 3. e5 Bf5 4. Nf3 h6 5. Be2 e6 6. O-O Nd7 7. Be3 c5 8. c4 dxc4
9. Bxc4 a6 10. Nc3 cxd4 11. Nxd4 Nxe5 12. Qa4+ Qd7 13. Bb5 Nc6 14. Nxc6 Qc8 15.
Ne5+ axb5 16. Qxb5+ Ke7 17. Bc5+ Kf6 18. Nd7+ Kg6 19. Nxf8+ Kf6 20. Nd7+ Kg6
21. Nb6 Nf6 22. Nxc8 1-0

[Event "SR 4. liga A21 2008/2009"]
[Site "?"]
[Date "2009.03.01"]
[Round "10.3"]
[White "Slaby, Jozef"]
[Black "Tokos, Rastislav"]
[Result "1/2-1/2"]
[WhiteElo "1930"]
[BlackElo "1931"]
[PlyCount "75"]
[EventDate "2008.??.??"]

1. d4 d5 2. c4 Nf6 3. Nc3 Nc6 4. Nf3 Bg4 5. e3 e6 6. Be2 Be7 7. h3 Bh5 8. a3 a5
9. Bd2 Bg6 10. Rc1 O-O 11. c5 Ne4 12. Bb5 Nb8 13. O-O c6 14. Be2 Nd7 15. Be1
Bf6 16. Nd2 Nxd2 17. Bxd2 e5 18. dxe5 Bxe5 19. f4 Bxc3 20. Bxc3 f5 21. Bd4 Rf7
22. g4 Qh4 23. Kh2 Nf6 24. Qe1 Qxe1 25. Rcxe1 Ne4 26. Rg1 Nd2 27. Bd1 a4 28.
Rg2 Nb3 29. Bxb3 axb3 30. Reg1 fxg4 31. Rxg4 Rf5 32. Rg5 Rxg5 33. Rxg5 Rf8 34.
h4 Rf5 35. Kg3 Rxg5+ 36. fxg5 Kf7 37. Kg4 Bd3 38. Bc3 1/2-1/2

[Event "SR 4. liga A21 2008/2009"]
[Site "?"]
[Date "2009.03.01"]
[Round "10.3"]
[White "Vagovic, Milan"]
[Black "Barcaj, Jaroslav"]
[Result "1-0"]
[WhiteElo "1667"]
[BlackElo "1605"]
[PlyCount "97"]
[EventDate "2008.??.??"]

1. d4 d5 2. c4 Nf6 3. Nc3 e6 4. Nf3 c6 5. e3 dxc4 6. Bxc4 Nbd7 7. O-O Nb6 8.
Bb3 Nbd5 9. Re1 Bb4 10. Bd2 O-O 11. a3 Bxc3 12. bxc3 Ne4 13. c4 Ndf6 14. Bb4
Re8 15. Ne5 a5 16. Bd2 Nxd2 17. Qxd2 a4 18. Bc2 Ra5 19. Qd1 Qc7 20. Bxa4 Rd8
21. Qc2 Bd7 22. c5 Rda8 23. Bb3 Rxa3 24. Rab1 Nd5 25. Nc4 R3a6 26. e4 Ne7 27.
e5 Be8 28. Qe4 Nd5 29. Qf3 b5 30. Nd6 Ra3 31. h3 Qd7 32. Qh5 Nc3 33. Rb2 b4 34.
Bc2 g6 35. Qh6 Ra1 36. Qd2 Rxe1+ 37. Qxe1 Nd5 38. Be4 Nf4 39. Rxb4 Ra3 40. Rb8
Qa7 41. Rxe8+ Kg7 42. Qd2 g5 43. Bxc6 Rd3 44. Qb2 Qa6 45. Be4 Rd1+ 46. Kh2 Qf1
47. Re7 Qh1+ 48. Kg3 Rg1 49. Rxf7+ 1-0

[Event "SR 4. liga A21 2008/2009"]
[Site "?"]
[Date "2009.03.01"]
[Round "10.4"]
[White "Fidericky, Milan"]
[Black "Dedacek, Miroslav"]
[Result "1/2-1/2"]
[WhiteElo "1866"]
[BlackElo "1630"]
[PlyCount "98"]
[EventDate "2008.??.??"]

1. d4 d5 2. c4 e6 3. Nc3 Nf6 4. Bg5 Be7 5. Nf3 Nbd7 6. e3 h6 7. Bh4 c5 8. Bd3
b6 9. O-O Bb7 10. Rc1 O-O 11. Qe2 dxc4 12. Bxc4 Ne8 13. Bxe7 Qxe7 14. d5 Nef6
15. dxe6 fxe6 16. e4 Ng4 17. h3 Nge5 18. Nxe5 Nxe5 19. Bb3 a5 20. a4 Nc6 21.
Bc4 Nd4 22. Qg4 Rf6 23. Ne2 Nxe2+ 24. Qxe2 Rd8 25. Rcd1 Rxd1 26. Rxd1 Rg6 27.
Qd3 Kf8 28. f3 Bc6 29. b3 e5 30. Qd8+ Qxd8 31. Rxd8+ Ke7 32. Rb8 Bd7 33. Rb7
Rd6 34. Bd5 Kf6 35. Kf2 g5 36. Ke3 Be6 37. Rb8 Bd7 38. Kd3 Ke7 39. Kc4 Be8 40.
Rb7+ Kd8 41. Ra7 Bd7 42. Ra8+ Ke7 43. Rg8 Be8 44. Rh8 Bd7 45. Rh7+ Kd8 46. Rf7
Ke8 47. Rh7 Kd8 48. Rh8+ Ke7 49. Rg8 Be8 1/2-1/2

[Event "SR 4. liga A21 2008/2009"]
[Site "?"]
[Date "2009.03.01"]
[Round "10.4"]
[White "Florek, Jozef"]
[Black "Beran, Jan st"]
[Result "1-0"]
[WhiteElo "1521"]
[BlackElo "1680"]
[PlyCount "38"]
[EventDate "2008.??.??"]

1. e4 e5 2. Nf3 Nc6 3. Bc4 Bc5 4. Nc3 Nf6 5. d3 d6 6. h3 O-O 7. Bg5 Be6 8. Nd5
Bxd5 9. Bxd5 h6 10. Bh4 a6 11. a3 Rb8 12. c3 g5 13. Nxg5 hxg5 14. Bxg5 Kg7 15.
Qf3 Rh8 16. h4 Qe7 17. Rh3 Rh5 18. Bxf6+ Qxf6 19. Rg3+ Qg6 1-0

[Event "SR 4. liga A21 2008/2009"]
[Site "?"]
[Date "2009.03.01"]
[Round "10.4"]
[White "Gasa, Patrik"]
[Black "Adamec, Jozef"]
[Result "1-0"]
[WhiteElo "1350"]
[BlackElo "1461"]
[PlyCount "141"]
[EventDate "2008.??.??"]

1. e4 e5 2. Nf3 d6 3. d4 exd4 4. Nxd4 Nf6 5. Nc3 Be7 6. Bc4 c6 7. Bg5 Bg4 8.
Qd3 Nbd7 9. Bb3 Ne5 10. Qd2 O-O 11. O-O c5 12. Nf5 Bxf5 13. exf5 Qd7 14. Nd5
Nxd5 15. Bxd5 Bxg5 16. Qxg5 h6 17. Qf4 Qd8 18. Bxb7 Rb8 19. Qe4 Qf6 20. Rab1
Rfe8 21. Bd5 Nc6 22. Qa4 Nb4 23. Bb3 Re7 24. a3 a5 25. axb4 axb4 26. Qc6 Rbe8
27. Rfd1 Qxf5 28. Qxd6 Re2 29. Rf1 R8e4 30. f3 Rd4 31. Qa6 Rdd2 32. Qa8+ Kh7
33. f4 Qg4 34. Bd5 Qd7 35. Be4+ f5 36. Bf3 Qd4+ 37. Kh1 Re3 38. Rfc1 c4 39. h3
c3 40. b3 Re7 41. Qa6 Qxf4 42. Qc4 Rd4 43. Qf1 Red7 44. Rd1 Rd2 45. Rbc1 Qg3
46. Be2 R7d5 47. Bd3 Qg5 48. Rxd2 cxd2 49. Rd1 Re5 50. Kh2 g6 51. Qf2 f4 52.
Rxd2 Re3 53. Re2 Qe5 54. Kg1 h5 55. Rxe3 fxe3 56. Qf7+ Qg7 57. Qxg7+ Kxg7 58.
Kf1 Kf6 59. Ke2 Ke5 60. Kxe3 Kd5 61. Be2 h4 62. Kd3 Ke5 63. Kc4 Kf4 64. Kxb4
Kg3 65. Bf3 Kf4 66. c4 Ke5 67. Kb5 Kd6 68. c5+ Kc7 69. c6 Kb8 70. Kb6 Kc8 71.
c7 1-0

[Event "SR 4. liga A21 2008/2009"]
[Site "?"]
[Date "2009.03.01"]
[Round "10.4"]
[White "Kurinec, Jozef"]
[Black "Sipkovsky, Ivan"]
[Result "1/2-1/2"]
[WhiteElo "1757"]
[BlackElo "1900"]
[PlyCount "42"]
[EventDate "2008.??.??"]

1. e4 c5 2. Nf3 d6 3. d4 cxd4 4. Nxd4 Nf6 5. Nc3 g6 6. Be3 Bg7 7. Rb1 O-O 8.
Be2 Nc6 9. O-O Bd7 10. f3 Qa5 11. Nb3 Qd8 12. Qd2 Re8 13. Kh1 Rc8 14. Rfd1 Be6
15. Nd5 b6 16. Ba6 Rb8 17. c3 Ne5 18. Nd4 Bxd5 19. exd5 Nxd5 20. f4 Ng4 21. Bg1
Bxd4 1/2-1/2

[Event "SR 4. liga A21 2008/2009"]
[Site "?"]
[Date "2009.03.01"]
[Round "10.4"]
[White "Sebesta, Radovan"]
[Black "Kicinja, Jan"]
[Result "1/2-1/2"]
[WhiteElo "2071"]
[BlackElo "1806"]
[PlyCount "117"]
[EventDate "2008.??.??"]

1. d4 d5 2. c4 e6 3. Nc3 Nf6 4. cxd5 exd5 5. Bg5 Be7 6. e3 Be6 7. Qc2 Nbd7 8.
Bd3 h6 9. Bh4 c6 10. Nge2 Rc8 11. O-O Nh5 12. Bxe7 Qxe7 13. Rac1 O-O 14. a3 f5
15. Nf4 Qf7 16. Nxe6 Qxe6 17. Qe2 g6 18. Rfe1 Rce8 19. Qc2 Kg7 20. Na4 Qf7 21.
Nc5 Nxc5 22. Qxc5 a6 23. Qc2 Re6 24. Qd2 Rfe8 25. Bf1 Qe7 26. Be2 Nf6 27. Bf3
g5 28. g3 f4 29. Rc3 g4 30. Bg2 f3 31. Bf1 Ne4 32. Qc1 Nxc3 33. Qxc3 h5 34. h4
gxh3 35. Bxh3 Rg6 36. e4 dxe4 37. Bf5 Rg4 38. Bxg4 hxg4 39. d5+ Kg6 40. dxc6
bxc6 41. Qxc6+ Qe6 42. Qxe6+ Rxe6 43. b4 Kf5 44. Rc1 e3 45. Rc5+ Kf6 46. fxe3
Rxe3 47. Rc6+ Re6 48. Rc4 Kf5 49. Rc5+ Re5 50. Rc3 Re1+ 51. Kf2 Re2+ 52. Kf1
Re5 53. Rc4 a5 54. Rf4+ Kg5 55. a4 axb4 56. Rxb4 Kf5 57. Rf4+ Kg5 58. Rb4 Kf5
59. Rf4+ 1/2-1/2

[Event "SR 4. liga A21 2008/2009"]
[Site "?"]
[Date "2009.03.01"]
[Round "10.5"]
[White "Cerovsky, Jan"]
[Black "Sedlak, Rastislav"]
[Result "0-1"]
[WhiteElo "1397"]
[BlackElo "1590"]
[PlyCount "80"]
[EventDate "2008.??.??"]

1. e4 e5 2. Bc4 Nc6 3. c3 Nf6 4. d3 Bc5 5. h3 O-O 6. Nf3 d5 7. exd5 Nxd5 8. O-O
Bf5 9. b4 Bb6 10. b5 Na5 11. Nxe5 Re8 12. Re1 Nxc4 13. Nxc4 Rxe1+ 14. Qxe1 Bxd3
15. Nba3 Qf6 16. Nxb6 Nxb6 17. Be3 Re8 18. Qd2 Be4 19. Bd4 Qg6 20. f3 Bxf3 21.
Qf2 Be4 22. c4 h6 23. c5 Nd5 24. Kh2 Nf4 25. Rg1 Nd3 26. Qd2 Bd5 27. b6 axb6
28. cxb6 c5 29. Bxc5 Bc6 30. Be3 Qd6+ 31. Kh1 Qxa3 32. Rd1 Ne5 33. Bf4 Qxh3+
34. Bh2 Nf3 35. gxh3 Nxd2+ 36. Kg1 Nf3+ 37. Kg2 Re2+ 38. Kg3 Rxh2 39. Rd6 Rxa2
40. Kf4 Rb2 0-1

[Event "SR 4. liga A21 2008/2009"]
[Site "?"]
[Date "2009.03.01"]
[Round "10.5"]
[White "Chrvala, Simon"]
[Black "Hanzalik, Alojz"]
[Result "0-1"]
[WhiteElo "1464"]
[BlackElo "1380"]
[PlyCount "100"]
[EventDate "2008.??.??"]

1. e4 c5 2. Nf3 a6 3. Bc4 e6 4. a3 Nc6 5. d3 d6 6. O-O Be7 7. Be3 Nf6 8. Qd2
O-O 9. Re1 e5 10. Bh6 Nh5 11. h3 Kh8 12. Nc3 Be6 13. g4 gxh6 14. Qxh6 Nf4 15.
Ne2 Rg8 16. Nxf4 exf4 17. Qxf4 Bxc4 18. dxc4 Rg7 19. e5 dxe5 20. Nxe5 Nxe5 21.
Qxe5 f6 22. Qe4 Qc7 23. Rad1 Bd6 24. Qe6 Be5 25. c3 Re7 26. Qd5 Rae8 27. Kg2
Re6 28. Re3 Rd6 29. Qf3 Qc6 30. Rd5 Rde6 31. Qf5 Rg8 32. h4 Rd6 33. f4 Rxd5 34.
cxd5 Qxd5+ 35. Kg3 Bxf4+ 36. Qxf4 f5 37. Re5 Rxg4+ 38. Qxg4 Qxe5+ 39. Qf4 Qg7+
40. Kh3 Qf6 41. Qb8+ Kg7 42. Qxb7+ Kg6 43. Qg2+ Kh5 44. Qe2+ Kh6 45. Qe3+ Kh5
46. Qe8+ Qg6 47. Qe2+ Kh6 48. b4 cxb4 49. cxb4 f4 50. Qd2 Qg3# 0-1

[Event "SR 4. liga A21 2008/2009"]
[Site "?"]
[Date "2009.03.01"]
[Round "10.5"]
[White "Curidlo, Jan"]
[Black "Cerovsky, Marian"]
[Result "1-0"]
[WhiteElo "1979"]
[BlackElo "1805"]
[PlyCount "79"]
[EventDate "2008.??.??"]

1. e4 e5 2. Nf3 Nc6 3. Bb5 a6 4. Ba4 b5 5. Bb3 Bc5 6. O-O Nf6 7. d3 h6 8. h3 d6
9. c3 O-O 10. a3 Be6 11. Bc2 Ne7 12. d4 exd4 13. cxd4 Bb6 14. Nc3 Bc4 15. Re1
a5 16. b3 Be6 17. Nxb5 Ng6 18. Be3 Bd7 19. Nc3 Nh7 20. Rc1 Nh4 21. Nxh4 Qxh4
22. Qf3 Ng5 23. Bxg5 hxg5 24. Rcd1 g4 25. Qf4 g5 26. Qf6 gxh3 27. gxh3 Bxh3 28.
Re3 Bg4 29. Rg3 Rfe8 30. Nd5 Kf8 31. Ne3 Bxd1 32. Nf5 Qh7 33. Rh3 Bxd4 34. Qxd4
Qxf5 35. exf5 Re1+ 36. Kh2 Ke7 37. f6+ Kd7 38. Bxd1 Rae8 39. Bg4+ Kd8 40. Qa7
1-0

[Event "SR 4. liga A21 2008/2009"]
[Site "?"]
[Date "2009.03.01"]
[Round "10.5"]
[White "Damborsky, Pavol"]
[Black "Orvisky, Vladimir"]
[Result "0-1"]
[WhiteElo "1664"]
[BlackElo "1903"]
[PlyCount "107"]
[EventDate "2008.??.??"]

1. c4 e5 2. Nc3 Nf6 3. g3 d6 4. Bg2 c6 5. e3 Be6 6. b3 Be7 7. Nge2 d5 8. cxd5
Nxd5 9. O-O O-O 10. Bb2 Nb4 11. d4 Bf5 12. Ne4 exd4 13. Qxd4 Qxd4 14. Bxd4 Nc2
15. Rac1 Nxd4 16. Nxd4 Bg6 17. Nc5 Bxc5 18. Rxc5 Nd7 19. Rc3 Nf6 20. Re1 Rfe8
21. Ne2 Be4 22. f3 Bg6 23. Nf4 Rad8 24. Nxg6 hxg6 25. Re2 Nd5 26. Rd3 Nb4 27.
Rxd8 Rxd8 28. f4 Rd1+ 29. Kf2 Ra1 30. Rd2 Rxa2 31. Rxa2 Nxa2 32. Be4 Kf8 33. h4
Nc3 34. Bc2 Ke7 35. e4 Kd6 36. Ke3 Kc5 37. Kd3 Kb4 38. g4 c5 39. f5 gxf5 40.
gxf5 Nb5 41. e5 Nd4 42. Ke4 Kc3 43. Bd1 Nc6 44. Bh5 Kxb3 45. Bxf7+ c4 46. f6
gxf6 47. exf6 Nd8 48. Bd5 a5 49. f7 Nxf7 50. Bxf7 a4 51. Kd4 b5 52. Kc5 Kb2 53.
Kxb5 c3 54. Bg6 0-1

[Event "SR 4. liga A21 2008/2009"]
[Site "?"]
[Date "2009.03.01"]
[Round "10.5"]
[White "Manak, Adrian"]
[Black "Pisecky, Jan"]
[Result "1-0"]
[WhiteElo "1830"]
[BlackElo "1546"]
[PlyCount "97"]
[EventDate "2008.??.??"]

1. d4 d5 2. c4 e6 3. Nf3 Nf6 4. Bg5 Be7 5. e3 h6 6. Bh4 Nc6 7. Bd3 a6 8. O-O
dxc4 9. Bxc4 b5 10. Bd3 Bb7 11. Nbd2 Nb4 12. Bb1 Rc8 13. a3 Nbd5 14. Nb3 Nb6
15. Na5 Ba8 16. b4 Ne4 17. Bxe7 Qxe7 18. Bxe4 Bxe4 19. Rc1 f6 20. Qe2 O-O 21.
Nd2 Ba8 22. Ndb3 Nd7 23. Nc5 Nxc5 24. Rxc5 Rf7 25. Rfc1 Qd6 26. a4 bxa4 27. Nc4
Qd7 28. Nb6 Qd8 29. Nxc8 Qxc8 30. Qc4 Qb7 31. f3 Qb6 32. e4 Rd7 33. Ra1 Qd6 34.
Rxa4 Bb7 35. g3 Kh7 36. Ra1 Qxd4+ 37. Qxd4 Rxd4 38. Rxc7 Rxb4 39. Rd1 a5 40.
Rdd7 Ba6 41. Rxg7+ Kh8 42. Rh7+ Kg8 43. Rcg7+ Kf8 44. Ra7 Rb1+ 45. Kf2 Rb2+ 46.
Ke3 Re2+ 47. Kf4 e5+ 48. Kf5 Bc8+ 49. Kxf6 1-0

[Event "SR 4. liga A21 2008/2009"]
[Site "?"]
[Date "2009.03.01"]
[Round "10.6"]
[White "Bjel, Jan"]
[Black "Harastova, Viera"]
[Result "1-0"]
[WhiteElo "1703"]
[BlackElo "1658"]
[PlyCount "115"]
[EventDate "2008.??.??"]

1. e4 e5 2. Nf3 Nc6 3. Bb5 a6 4. Ba4 d6 5. O-O Nf6 6. Re1 Be7 7. h3 O-O 8. c3
b5 9. Bc2 Bd7 10. d4 Qc8 11. Kh2 Re8 12. Nbd2 exd4 13. cxd4 Nb4 14. Bb1 c5 15.
a3 Nc6 16. d5 Ne5 17. Nxe5 dxe5 18. Nf1 h6 19. Ne3 Nh7 20. g4 Bg5 21. Bc2 Qd8
22. Ng2 Qf6 23. Kg3 Rad8 24. Be3 Bxe3 25. Rxe3 Bc8 26. Rc1 Rd6 27. Qe2 Qe7 28.
a4 Bd7 29. f4 bxa4 30. f5 Bb5 31. Qd1 Qd7 32. Ra3 Nf6 33. Kf3 Rb8 34. Bxa4 Bxa4
35. Qxa4 Qxa4 36. Rxa4 Rxb2 37. Rxc5 Kf8 38. Ne3 Rdb6 39. Rc3 Rh2 40. Kg3 Re2
41. h4 Rd2 42. g5 hxg5 43. hxg5 Rd4 44. Rxd4 exd4 45. Rc8+ Ne8 46. Nc4 Rb3+ 47.
Kf2 Ke7 48. Ra8 Nd6 49. Ra7+ Nb7 50. Rxa6 Rb4 51. Rc6 d3 52. Ke3 Rb3 53. Ne5
Na5 54. Ra6 Nb7 55. Rc6 Na5 56. d6+ Kd8 57. Ra6 d2+ 58. Kxd2 1-0

[Event "SR 4. liga A21 2008/2009"]
[Site "?"]
[Date "2009.03.01"]
[Round "10.6"]
[White "Brisudova, Veronika"]
[Black "Krchnak, Rudolf"]
[Result "0-1"]
[WhiteElo "1777"]
[BlackElo "1930"]
[PlyCount "118"]
[EventDate "2008.??.??"]

1. e4 d6 2. d4 Nf6 3. Nc3 c6 4. f4 Qa5 5. Bd3 e5 6. Nf3 Bg4 7. dxe5 dxe5 8. O-O
Nbd7 9. h3 Bxf3 10. Qxf3 Bd6 11. Kh1 exf4 12. Bxf4 Bxf4 13. Qxf4 O-O 14. Rae1
Rae8 15. Qg3 Qe5 16. Qh4 Qh5 17. Qf4 Qe5 18. Qh4 Qh5 19. Qf4 Qe5 20. Qe3 Qc5
21. Qd2 Re5 22. Rf5 Qd4 23. Qg5 Rfe8 24. Ref1 Rxf5 25. exf5 h6 26. Qf4 Qxf4 27.
Rxf4 Ne5 28. Ne4 Nxe4 29. Rxe4 Kf8 30. Rd4 f6 31. Kg1 Ke7 32. Be2 Rd8 33. Rb4
Rd7 34. Kf1 Kd8 35. Ke1 Kc7 36. Rb3 b5 37. Rc3 Kb6 38. Rb3 a6 39. a4 Rd4 40.
axb5 axb5 41. Rg3 Rd7 42. Rb3 Rd4 43. g4 Rd7 44. c4 Rd4 45. cxb5 c5 46. Ra3 c4
47. Ra6+ Kxb5 48. Ra7 Rd7 49. Rxd7 Nxd7 50. b3 Ne5 51. Kd2 Kb4 52. bxc4 Nxc4+
53. Bxc4 Kxc4 54. Ke3 Kd5 55. Kf4 Kd4 56. h4 Kd3 57. g5 hxg5+ 58. hxg5 Kd4 59.
g6 Kd5 0-1

[Event "SR 4. liga A21 2008/2009"]
[Site "?"]
[Date "2009.03.01"]
[Round "10.6"]
[White "Harasta, Marian"]
[Black "Bjel, Tomas"]
[Result "0-1"]
[WhiteElo "1648"]
[BlackElo "1623"]
[PlyCount "104"]
[EventDate "2008.??.??"]

1. d4 d5 2. c4 e6 3. Nc3 Bb4 4. Nf3 Ne7 5. e3 b6 6. Qa4+ Nbc6 7. Ne5 Bxc3+ 8.
bxc3 Bd7 9. Nxd7 Qxd7 10. Ba3 Na5 11. Qxd7+ Kxd7 12. cxd5 exd5 13. Bd3 g6 14.
O-O Rhe8 15. f3 Nf5 16. Bxf5+ gxf5 17. e4 Nc4 18. Bc1 dxe4 19. fxe4 Rxe4 20.
Rxf5 Nd6 21. Rh5 Rae8 22. Bd2 Re2 23. Bf4 Rg8 24. g3 Rc2 25. Rxh7 Rxc3 26. Bxd6
Kxd6 27. Rxf7 Rd3 28. Rc1 Rc8 29. Rc4 Rd1+ 30. Kg2 Rd2+ 31. Rf2 Rxf2+ 32. Kxf2
Kd5 33. Ra4 a5 34. Ke3 Re8+ 35. Kf4 Re4+ 36. Kf5 c5 37. g4 cxd4 38. g5 Re2 39.
g6 Rxh2 40. g7 Rg2 41. Kf6 d3 42. Rh4 d2 43. Rh1 Kc4 44. Rd1 Kc3 45. a4 Kc2 46.
Ra1 d1=Q 47. Ra2+ Kb3 48. Rxg2 Qf1+ 49. Rf2 Qxf2+ 50. Ke7 Qg2 51. Kf8 Kxa4 52.
g8=Q Qxg8+ 0-1

[Event "SR 4. liga A21 2008/2009"]
[Site "?"]
[Date "2009.03.01"]
[Round "10.6"]
[White "Lanyi, Frantisek"]
[Black "Harasta, Juraj"]
[Result "0-1"]
[WhiteElo "1743"]
[BlackElo "1628"]
[PlyCount "70"]
[EventDate "2008.??.??"]

1. e4 e5 2. Nf3 Nc6 3. Bb5 a6 4. Ba4 Nf6 5. O-O b5 6. Bb3 Bc5 7. Re1 O-O 8. c3
d6 9. h3 Bb7 10. d4 Bb6 11. Bg5 h6 12. Bh4 Qe7 13. d5 Na5 14. Bc2 c6 15. Qd3
cxd5 16. Bxf6 Qxf6 17. exd5 g6 18. Nbd2 Rac8 19. Ne4 Qd8 20. b3 f5 21. Ng3 e4
22. Nxe4 fxe4 23. Qxe4 Rf6 24. Nd4 Rxc3 25. b4 Bxd4 26. Qxd4 Rxc2 27. bxa5
Rfxf2 28. Re4 Rxg2+ 29. Kh1 Rcd2 30. Qe3 Rh2+ 31. Kg1 Rdg2+ 32. Kf1 Qf6+ 33.
Qf4 Qxa1+ 34. Re1 Qxe1+ 35. Kxe1 Rg1+ 0-1

[Event "SR 4. liga A21 2008/2009"]
[Site "?"]
[Date "2009.03.01"]
[Round "10.6"]
[White "Vepy, Ivan"]
[Black "Blatnicky, Miroslav"]
[Result "1/2-1/2"]
[WhiteElo "1941"]
[BlackElo "2107"]
[PlyCount "83"]
[EventDate "2008.??.??"]

1. e4 e6 2. d4 d5 3. e5 c5 4. c3 Nc6 5. Bb5 Qb6 6. Bxc6+ bxc6 7. Ne2 g6 8. O-O
Bh6 9. Nd2 Ba6 10. Nb3 Bxc1 11. Rxc1 cxd4 12. cxd4 Bc4 13. Rc3 Qa6 14. Re1 Qxa2
15. Nd2 Bxe2 16. Rxe2 Qa6 17. h3 Ne7 18. Nf3 O-O 19. Rec2 Rab8 20. Qc1 Rb6 21.
g4 Kg7 22. Qg5 Ng8 23. Qc1 Rc8 24. h4 Qb7 25. h5 Rb8 26. Qf4 Rxb2 27. Rxb2 Qxb2
28. Rxc6 Qb7 29. hxg6 hxg6 30. Rc1 Qe7 31. Kg2 Nh6 32. Rh1 Rh8 33. Qh2 Qd8 34.
Qf4 a5 35. Ra1 Re8 36. Ng5 f6 37. Nf3 f5 38. gxf5 Nxf5 39. Qd2 Nh4+ 40. Nxh4
Qxh4 41. Rxa5 Rf8 42. Ra7+ 1/2-1/2

[Event "SR 4. liga A21 2008/2009"]
[Site "?"]
[Date "2009.03.15"]
[Round "11.1"]
[White "Bajcar, Pavol"]
[Black "Nemeckay, Rastislav"]
[Result "1/2-1/2"]
[WhiteElo "1426"]
[BlackElo "1749"]
[PlyCount "126"]
[EventDate "2008.??.??"]

1. e4 c6 2. d4 d5 3. exd5 cxd5 4. Bd3 Nc6 5. c3 Nf6 6. Bg5 e6 7. Nf3 Be7 8.
Nbd2 O-O 9. O-O h6 10. Bh4 Ne8 11. Bxe7 Qxe7 12. Re1 Qf6 13. Ne5 Nxe5 14. dxe5
Qd8 15. Kh1 b6 16. Bb5 Bb7 17. Bxe8 Rxe8 18. Nf3 Qc7 19. Re3 a5 20. Nd4 Bc6 21.
Qe2 Reb8 22. Rc1 Be8 23. Qd2 Qe7 24. Rg3 Kh8 25. Re1 b5 26. Ree3 b4 27. Rh3 Qf8
28. Rh4 Rb6 29. g4 g5 30. Rhh3 Qg7 31. Ref3 f5 32. gxf5 h5 33. f6 Qg6 34. Rfg3
Qe4+ 35. f3 Qxe5 36. Rxg5 Qxf6 37. Rhg3 Bf7 38. Rg6 Qxg6 39. Rxg6 Bxg6 40. Qh6+
Bh7 41. Qf6+ Kg8 42. Nxe6 Rb7 43. Qg5+ Kh8 44. Qe5+ Kg8 45. Qxd5 Raa7 46. Nd8+
Rf7 47. Nxf7 Rxf7 48. cxb4 axb4 49. Qxh5 Bb1 50. Qg4+ Rg7 51. Qxb4 Bxa2 52. Qd4
Be6 53. b4 Bh3 54. Qxg7+ Kxg7 55. Kg1 Bd7 56. Kg2 Kf6 57. Kg3 Kg5 58. f4+ Kf5
59. h4 Bc6 60. h5 Ba4 61. Kh4 Kxf4 62. h6 Bc2 63. b5 Ke5 1/2-1/2

[Event "SR 4. liga A21 2008/2009"]
[Site "?"]
[Date "2009.03.15"]
[Round "11.1"]
[White "Diviak, Rudolf"]
[Black "Bjel, Tomas"]
[Result "0-1"]
[WhiteElo "1894"]
[BlackElo "1623"]
[PlyCount "50"]
[EventDate "2008.??.??"]

1. e4 e5 2. Nf3 Nc6 3. Bb5 a6 4. Ba4 b5 5. Bb3 Be7 6. O-O Nf6 7. c3 O-O 8. d4
d6 9. h3 exd4 10. Nxd4 Bb7 11. f3 d5 12. Nxc6 Bxc6 13. e5 Bc5+ 14. Kh1 Nh5 15.
Qe1 d4 16. g4 dxc3 17. Nxc3 Qd3 18. gxh5 Bxf3+ 19. Rxf3 Qxf3+ 20. Kh2 Bf2 21.
Qf1 Bg3+ 22. Kg1 Bh2+ 23. Kxh2 Qxf1 24. e6 fxe6 25. h6 Rf2+ 0-1

[Event "SR 4. liga A21 2008/2009"]
[Site "?"]
[Date "2009.03.15"]
[Round "11.1"]
[White "Krchnak, Rudolf"]
[Black "Hanzluvka, Peter"]
[Result "0-1"]
[WhiteElo "1930"]
[BlackElo "2039"]
[PlyCount "128"]
[EventDate "2008.??.??"]

1. d4 d5 2. Nc3 Nf6 3. Bg5 e6 4. e4 dxe4 5. Nxe4 Be7 6. Bxf6 Bxf6 7. Nf3 Nc6 8.
c3 O-O 9. Qd2 b6 10. O-O-O Bb7 11. Bd3 Be7 12. h4 a5 13. Rh3 a4 14. Neg5 h6 15.
Rg3 Kh8 16. Bc4 Ra5 17. Qd3 Rf5 18. Bxe6 fxe6 19. Nxe6 Qd5 20. Nxf8 Rxf8 21.
Qg6 Qf7 22. Qxf7 Rxf7 23. Re1 Bd6 24. Rg6 Kh7 25. Rge6 Na5 26. Kc2 Bd5 27. Re8
Bxa2 28. Rc8 Bb3+ 29. Kb1 Nc6 30. Ree8 Rf5 31. Re2 Ne7 32. Re8 Ng6 33. Ne5 Nxh4
34. g3 Nf3 35. Nxf3 Rxf3 36. R8e3 Rf5 37. Kc1 h5 38. f4 g5 39. fxg5 Rxg5 40.
Rg2 h4 41. Rh2 Bxg3 42. Rxg3 Rxg3 43. Rxh4+ Kg6 44. Rh1 Rd3 45. Rf1 Kg5 46. Re1
Kf4 47. Rh1 Rf3 48. Re1 Re3 49. Rf1+ Ke4 50. Rh1 Kd3 51. Rg1 Rf3 52. Re1 Rf2
53. Rg1 Ke2 54. Rh1 Rf1+ 55. Rxf1 Kxf1 56. Kd2 b5 57. Kc1 Ke2 58. Kb1 Kd3 59.
Kc1 a3 60. Kb1 axb2 61. Kxb2 Bc4 62. d5 Bxd5 63. Ka3 c5 64. Kb2 c4 0-1

[Event "SR 4. liga A21 2008/2009"]
[Site "?"]
[Date "2009.03.15"]
[Round "11.1"]
[White "Lajda, Dusan"]
[Black "Pagerka, Slavomir"]
[Result "0-1"]
[WhiteElo "1708"]
[BlackElo "1848"]
[PlyCount "62"]
[EventDate "2008.??.??"]

1. e4 e5 2. Nf3 Nc6 3. Bc4 Bc5 4. b4 Bxb4 5. c3 Be7 6. d4 d6 7. Qb3 Na5 8.
Bxf7+ Kf8 9. Qa4 c6 10. Bxg8 Kxg8 11. h3 b5 12. Qc2 Bf6 13. Nbd2 Be6 14. Nb3
Nxb3 15. axb3 Qe7 16. Ba3 Qc7 17. Rd1 Kf7 18. dxe5 dxe5 19. Bd6 Qa5 20. O-O
Rhd8 21. Nxe5+ Bxe5 22. Bxe5 b4 23. f4 bxc3 24. Rxd8 Rxd8 25. Bxc3 Qb6+ 26. Kh1
Qxb3 27. Qc1 Rd3 28. Be1 Bc4 29. Rf3 Rxf3 30. gxf3 Qxf3+ 31. Kh2 Qxe4 0-1

[Event "SR 4. liga A21 2008/2009"]
[Site "?"]
[Date "2009.03.15"]
[Round "11.1"]
[White "Skapik, Branislav"]
[Black "Bjel, Lubos"]
[Result "1-0"]
[WhiteElo "1823"]
[BlackElo "1551"]
[PlyCount "57"]
[EventDate "2008.??.??"]

1. e4 e6 2. d4 d5 3. Nd2 Nf6 4. e5 Nfd7 5. Bd3 c5 6. c3 Nc6 7. Ne2 Qb6 8. Nf3
f6 9. Nf4 fxe5 10. Nxe6 e4 11. Nfg5 exd3 12. Qh5+ g6 13. Qf3 Nd8 14. Nxd8 Kxd8
15. Nf7+ Kc7 16. Bf4+ Kc6 17. Nxh8 Qxb2 18. Rc1 Nf6 19. Nf7 Bg4 20. Ne5+ Kb6
21. dxc5+ Ka5 22. Qxd3 Bxc5 23. Bd2 Re8 24. O-O Rxe5 25. c4+ Bb4 26. Bxb4+ Qxb4
27. a3 Qb2 28. Rc2 Be2 29. Qd2+ 1-0

[Event "SR 4. liga A21 2008/2009"]
[Site "?"]
[Date "2009.03.15"]
[Round "11.2"]
[White "Berger, Patrik"]
[Black "Blanarik, Dominik"]
[Result "0-1"]
[WhiteElo "1556"]
[BlackElo "1565"]
[PlyCount "36"]
[EventDate "2008.??.??"]

1. e4 d6 2. d4 c6 3. Nc3 Nf6 4. Bg5 Nbd7 5. Nf3 Qa5 6. Qd2 e5 7. dxe5 dxe5 8.
O-O-O Be7 9. h4 h6 10. Be3 Ng4 11. Bc4 O-O 12. Rdg1 b5 13. Bd3 b4 14. Ne2 Qxa2
15. c3 Qa1+ 16. Kc2 b3+ 17. Kxb3 Rb8+ 18. Kc4 Qa2+ 0-1

[Event "SR 4. liga A21 2008/2009"]
[Site "?"]
[Date "2009.03.15"]
[Round "11.2"]
[White "Damborsky, Pavol"]
[Black "Harastova, Viera"]
[Result "1/2-1/2"]
[WhiteElo "1664"]
[BlackElo "1658"]
[PlyCount "43"]
[EventDate "2008.??.??"]

1. c4 Nf6 2. Nc3 g6 3. d4 Bg7 4. Nf3 O-O 5. e3 d6 6. Be2 Nbd7 7. O-O b6 8. Bd2
Bb7 9. Rc1 Ne4 10. Nxe4 Bxe4 11. Bc3 e5 12. dxe5 Nxe5 13. Nxe5 Bxe5 14. Bxe5
dxe5 15. f3 Bb7 16. Qb3 c5 17. Rcd1 Qe7 18. Rd2 Rfd8 19. Rfd1 Rxd2 20. Rxd2 Rd8
21. Rxd8+ Qxd8 22. Qd3 1/2-1/2

[Event "SR 4. liga A21 2008/2009"]
[Site "?"]
[Date "2009.03.15"]
[Round "11.2"]
[White "Dubecky, Ladislav"]
[Black "Harasta, Marian"]
[Result "0-1"]
[WhiteElo "1549"]
[BlackElo "1648"]
[PlyCount "70"]
[EventDate "2008.??.??"]

1. e4 c5 2. f4 Nc6 3. Nf3 g6 4. Bc4 Bg7 5. c3 e6 6. e5 Nge7 7. d4 cxd4 8. cxd4
d5 9. Be2 Qb6 10. b3 Nf5 11. a4 Ncxd4 12. Nbd2 Qb4 13. O-O Qb6 14. Kh1 Nxe2 15.
Qxe2 Bh6 16. Ng5 Nd4 17. Qd1 Nf5 18. Ba3 Ne3 19. Qf3 Nxf1 20. Rxf1 Qd4 21. Rd1
Bxg5 22. Nc4 Qxf4 23. Nd6+ Kf8 24. Qd3 f5 25. Qb5 Kg7 26. Rc1 a6 27. Rc7+ Kh6
28. Qd3 Bd7 29. Rxd7 Rac8 30. Nf7+ Kh5 31. Qe2+ Qg4 32. Qxg4+ Kxg4 33. Nxh8 Bc1
34. Bb4 Bb2 35. Nf7 Rc1+ 0-1